Tous les cantons du Gers (32) - Statistiques

Statistiques générales
  • Ce quiz a été pris 95 fois
  • Le résultat moyen est 11 sur 17
Réponses sur la Carte
Les réponses sont colorées sur une échelle allant du rouge au vert en fonction du pourcentage des utilisateurs qui les ont devinées à leur premier essai. Vous pouvez retrouver ces pourcentages ci-dessous.
 
Statistiques - réponses
Canton % Correct
Auch-1
90%
Auch-2
90%
Auch-3
90%
Baïse-Armagnac
88%
Mirande-Astarac
77%
L'Isle-Jourdain
71%
Fleurance-Lomagne
69%
Armagnac-Ténarèze
63%
Grand-Bas-Armagnac
63%
Lectoure-Lomagne
63%
Gimone-Arrats
50%
Fezensac
46%
Val de Save
46%
Astarac-Gimone
42%
Adour-Gersoise
40%
Gascogne-Auscitaine
40%
Pardiac-Rivière-Basse
27%
Aucun quiz correspondant
Distribution des résultats
% des personnes avec chaque résultat
Percentile par nombre de réponses
Votre historique - résultats
Vous n’avez pas pris ce quiz